| 000 | 01478nam a2200349 i 4500 | ||
|---|---|---|---|
| 999 |
_c66534 _d66534 |
||
| 001 | 768714001 | ||
| 003 | CO-MdFUSB | ||
| 005 | 20240531062748.0 | ||
| 007 | cr aa aaaaa | ||
| 008 | 200717b ||||| |||| 00| 0 eng d | ||
| 020 | _a9788417131296 | ||
| 040 |
_aCO-MdFUSB _bspa _cCO-MdFUSB _dCO-MdFUSBC _erda |
||
| 041 | _aspa | ||
| 082 |
_223 _a270.83 |
||
| 100 |
_aGávez, Rigoberto. _eautor |
||
| 245 | 1 |
_aAutocrítica a la religiosidad popular evangélica : _bprácticas dudosas en el ejercicio de nuestra fe _c/ Rigoberto Gávez _h[electrónico] |
|
| 264 | 1 |
_aBarcelona, España : _bClie, _c[2018] |
|
| 264 | 4 | _c© 2018 | |
| 300 | _c; | ||
| 336 |
_2rdacontent _atexto _btxt |
||
| 337 |
_2rdamedia _ainformático _bc |
||
| 338 |
_2rdacarrier _aremoto _bcr |
||
| 505 | _aPRIMERA PARTE: Panorama histórico de la religiosidad popular. -- Mostrar nivel SEGUNDA PARTE: El fenómeno de la religiosidad popular. -- Mostrar nivel TERCERA PARTE: Hacia una propuesta de fe popular | ||
| 506 | _aPréstamo en biblioteca del libro físico | ||
| 506 | _aSolicitar clave y usuario para acceder al libro electrónico. | ||
| 506 | _aLibro multiusuario. | ||
| 650 | 7 |
_aCristianismo _2 _922 |
|
| 856 |
_b2155349 _uhttp://search.ebscohost.com/login.aspx?direct=true&scope=site&db=nlebk&db=nlabk&AN=2155349 _zAbrir Versión electrónica del libro Autocrítica a la religiosidad popular evangélica |
||
| 942 | _cBK | ||
| 945 | _aJTF-925 | ||